000 01130cam a2200265 a 4500
001 3550089
003 OSt
005 20210206150605.0
008 970417s1996 ck rb 001 0 spa d
020 _a9589288782
040 _aCO-JMCR
_cCO-JMCR
082 _a342.066 /
_bL239a
_221
100 1 _aLamprea Rodríguez, Pedro Antonio,
_eautor
_912894
245 1 0 _aAnulación de los actos de la administración pública :
_bdoctrina constitucional de la legalidad. Motivos de anulación de los actos administrativos Control de legalidad Jurisprudencia doctrina. Modelos /
_cPedro Antonio Lamprea Rodríguez
250 _aPrimera edición
260 _aBogotá :
_bEdiciones Doctrina y Ley,
_c1996
300 _axxxii, 712 páginas ;
_c24 cm.
500 _aIncluye índice alfabético informativo
504 _aBibliografía: páginas 687-691
505 0 _aTeoría de la legalidad -- Régimen legal de la anulación -- Restablecimiento del orden justo
650 0 _aActos Administrativos.
_zColombia
_912895
650 0 _aNulidad.
_zColombia.
_912896
650 0 _aProcedimiento administrativo.
_zColombia.
_98209
942 _2ddc
_cBK
999 _c7070
_d7070